Titanic : (Record no. 734)

MARC details
000 -LEADER
fixed length control field 01001cam a2200301 a 4500
005 - DATE AND TIME OF LATEST TRANSACTION
control field 20250828085626.0
020 ## - INTERNATIONAL STANDARD BOOK NUMBER
International Standard Book Number 9780756690830 (plc.)
020 ## - INTERNATIONAL STANDARD BOOK NUMBER
International Standard Book Number 0756690838 (plc.)
020 ## - INTERNATIONAL STANDARD BOOK NUMBER
International Standard Book Number 9780756690823 (pbk.)
020 ## - INTERNATIONAL STANDARD BOOK NUMBER
International Standard Book Number 075669082X (pbk.)
040 ## - CATALOGING SOURCE
Original cataloging agency B@L
Transcribing agency B@L
Modifying agency NYP
-- JP3
-- BDX
-- KCP
-- DLC
050 00 - LIBRARY OF CONGRESS CALL NUMBER
Classification number G530.T6
Item number D82 2012
082 04 - DEWEY DECIMAL CLASSIFICATION NUMBER
Classification number 910.91634
100 1# - MAIN ENTRY--PERSONAL NAME
Personal name Dubowski, Mark.
245 10 - TITLE STATEMENT
Title Titanic :
Remainder of title The disaster that shocked the world! /
Statement of responsibility, etc. Written by Mark Dubowski.
260 ## - PUBLICATION, DISTRIBUTION, ETC.
Place of publication, distribution, etc. New York :
Name of publisher, distributor, etc. DK Publishing,
Date of publication, distribution, etc. 2012.
300 ## - PHYSICAL DESCRIPTION
Extent 48 pages :
Other physical details color illustrations ;
Dimensions 23 cm.
490 1# - SERIES STATEMENT
Series statement DK Readers. Level 3. Reading alone
500 ## - GENERAL NOTE
General note includes index.
505 ## - FORMATTED CONTENTS NOTE
Formatted contents note O
520 ## - SUMMARY, ETC.
Summary, etc. Read the incredible true story of the "unsinkable" ship that sank. - back cover.
521 ## - TARGET AUDIENCE NOTE
Target audience note 820 <br/><br/>
Source Lexile. <br/><br/>
521 ## - TARGET AUDIENCE NOTE
Target audience note O
Source Raz-plus
650 #0 - SUBJECT ADDED ENTRY--TOPICAL TERM
Topical term or geographic name entry element Shipwrecks
Geographic subdivision North Atlantic Ocean
Form subdivision Juvenile literature.
906 ## - LOCAL DATA ELEMENT F, LDF (RLIN)
a 7
b cbc
c copycat
d 2
e ncip
f 20
g y-gencatlg
942 ## - ADDED ENTRY ELEMENTS (KOHA)
Source of classification or shelving scheme Dewey Decimal Classification
Koha item type Books
Suppress in OPAC No
999 ## -
-- 734
-- 734
Holdings
Withdrawn status Lost status Source of classification or shelving scheme Damaged status Not for loan Collection Home library Current library Shelving location Date acquired Total Checkouts Full call number Barcode Date last seen Date last checked out Copy number Price effective from Koha item type
    Dewey Decimal Classification     Non-Fiction Footprints International School Library Network Toul Kork Campus Footprints International School Library Network Toul Kork Campus A TK Campus, 4th Floor, Room B401, Non-Fiction Bookcases(7-8) 08/28/2025   DUB 910.91034 G530.T6 FISTK01358 08/28/2025   2 08/28/2025 Books
    Dewey Decimal Classification     Non-Fiction Footprints International School Library Network Toul Tom Poung Campus Footprints International School Library Network Toul Tom Poung Campus TTP Secondary Non-Fiction Bookshelves 07/04/2023 1 DUB 910.91034 G530.T6 FIS03400 01/08/2024 12/04/2023 1 07/04/2023 Books